Todos os jogadores do Real madrid - Statistics

Estatísticas Gerais
  • Esse quiz foi jogado 498 vezes
    461 desde o último reset
  • A pontuação média é 17 de 24
Estatísticas das Respostas
Numero Jogador % Correto
7 Vinicius Junior
99%
11 Rodrygo
94%
10 Luka Modric
91%
1 Thiabut Courtois
86%
2 Dani Carvajal
85%
3 Eder Militao
84%
12 Eduardo Camavinga
82%
8 Toni Kroos
82%
22 Antonio Rudiger
77%
Treinador Carlo Ancelotti
77%
5 Jude Bellingham
77%
4 David Alaba
73%
15 Federico Valverde
72%
18 Aurelien Tchouameni
71%
23 Ferland Mendy
68%
13 Andriy Lunin
67%
6 Nacho Fernandez
58%
14 Joselu
55%
24 Arda guler
51%
21 Brahim Diaz
51%
17 Lucas Vazquez
48%
19 Dani ceballos
42%
20 Fran Garcia
42%
25 Kepa Arrizabalaga
42%
Nenhum quiz correspondente encontrado
Distribuição das Pontuações
Porcentagem de Pessoas com Cada Pontuação
Percentil de Números Respondidos
Sua Pontuação Histórica
Você não jogou esse quiz desde o último reset